| 000 | 00574nam a22002057a 4500 | ||
|---|---|---|---|
| 003 | KOHA_MİRAKIL | ||
| 005 | 20250416145050.0 | ||
| 008 | 250416b tu ||||| |||| 00| 0 tur d | ||
| 020 | _a9786257395250 | ||
| 040 |
_aTR-AnABB _btur _cTR-AnABB |
||
| 041 | _atur | ||
| 082 |
_a956.1224 _bDEN 2022 |
||
| 100 | 1 | _aDeniz, Elvan Pektaş, | |
| 245 | 1 | 0 |
_aYarın Cumhuriyeti ilan ediyoruz! / _cElvan Pektaş Deniz |
| 260 |
_aİstanbul : _bForm Kitap, _c2022 |
||
| 300 |
_a93 sayfa ; _c20 cm |
||
| 650 | 0 | 0 | _aTarih |
| 650 | 0 | 0 | _aAtatürk dönemi |
| 942 |
_2ddc _cBK |
||
| 999 |
_c8711 _d8711 |
||
| 900 | _bGizem YORULMAZ | ||